000 01505nam a2200361Ia 4500
001 ebr10714559
003 CaPaEBR
006 m o u
007 cr cn|||||||||
008 130328s2013 mau sb 001 0 eng d
010 _z 2013009550
020 _z9789004244511 (hardback : alk. paper)
020 _z9789004251465 (e-book : alk. paper)
040 _aCaPaEBR
_cCaPaEBR
035 _a(OCoLC)847609635
050 1 4 _aDF220.5
_b.N35 2013eb
082 0 4 _a938/.9
_223
100 1 _aNakassis, Dimitri,
_d1975-
245 1 0 _aIndividuals and society in Mycenaean Pylos
_h[electronic resource] /
_cby Dimitri Nakassis.
260 _aLeiden, The Netherlands ;
_aBoston :
_bBrill,
_c2013.
300 _axiv, 448 p.
490 0 _aMnemosyne supplements. History and archaeology of classical antiquity,
_x0169-8958 ;
_vvolume 358
504 _aIncludes bibliographical references and index.
533 _aElectronic reproduction.
_bPalo Alto, Calif. :
_cebrary,
_d2013.
_nAvailable via World Wide Web.
_nAccess may be limited to ebrary affiliated libraries.
650 0 _aCivilization, Mycenaean.
650 0 _aInscriptions, Linear B
_zGreece
_zPylos.
650 0 _aProsopography
_zGreece
_zPylos.
650 0 _aSocial structure
_zGreece
_zPylos
_xHistory
_yTo 1500.
651 0 _aPylos (Greece)
655 7 _aElectronic books.
_2local
710 2 _aebrary, Inc.
856 4 0 _uhttp://site.ebrary.com/lib/rucke/Doc?id=10714559
_zAn electronic book accessible through the World Wide Web; click to view
999 _c16081
_d16081